La contabilidad como medio de información y control del resultado (Registro nro. 23944)
[ vista simple ]
| 000 -LEADER | |
|---|---|
| fixed length control field | 00362 a2200109 4500 |
| 001 - CONTROL NUMBER | |
| control field | ART_9995 |
| 005 - DATE AND TIME OF LATEST TRANSACTION | |
| control field | 20260410161839.0 |
| 008 - FIXED-LENGTH DATA ELEMENTS--GENERAL INFORMATION | |
| fixed length control field | 260409a |
| 100 1# - MAIN ENTRY--PERSONAL NAME | |
| Personal name | Wajchman, Mauricio |
| 245 10 - TITLE STATEMENT | |
| Title | La contabilidad como medio de información y control del resultado |
| 773 0# - HOST ITEM ENTRY | |
| Title | Contabilidad y administración |
| Related parts | - Año 7, Nº 77 (nov. 1983) |
| Record control number | REV5485 |
No hay ítems disponibles.